000 00959nam a2200301 i 4500
003 DO-SdBNP
005 20230425100904.0
007 ta
008 100322s2020 dr 1 000 0 spa d
020 _a9789945807219
040 _aDO-SdBNP
_bspa
_cBNPHU
_erda
041 1 7 _heng
082 4 _a427
_bP438o 2020
_222
100 1 _aPérez, Jesús Manuel
_937920
245 1 0 _aOne thousand and one wise words /
_cJesús Manuel Pérez
250 _a3a. ed.
264 _aSanto Domingo :
_bJesús Manuel Pérez,
_c2020.
300 _av. :
_c23 cm.
336 _2rdacontent
_atexto
_btxt
337 _2rdamedia
_asin mediación
_bn
338 _2rdacarrier
_avolumen
_bnc
500 _aIncluye datos biográficos del autor en la contracubierta
500 _aLa biblioteca posee el volumen 1 de 7.
590 _aInventariado, 2021/ YL
650 4 _aInglés
_xPalabras y frases
_919560
910 _aYLOCKWARD/Validado. Control de calidad MFF
942 _2ddc
_cLBS1
999 _c49615
_d49615